La libertad política. Historia de su concepto en la Edad Media y los tiempos modernos.
Saved in:
| Hovedforfatter: | |
|---|---|
| Andre forfattere: | |
| Format: | Bog |
| Sprog: | spansk |
| Udgivet: |
México, D.F., México:
Fondo de Cultura Económica,
1942.
|
| Udgivelse: | Primera edición en español. |
| Fag: | |
| Tags: |
Tilføj Tag
Ingen Tags, Vær først til at tagge denne postø!
|
MARC
| LEADER | 00000nam a2200000 a 4500 | ||
|---|---|---|---|
| 001 | UCX2319 | ||
| 003 | CL-VaPUC | ||
| 005 | 20220822114323.0 | ||
| 008 | 910423e19420000MX |||||||||||||||||spa|d | ||
| 999 | |c 223362 |d 223360 | ||
| 020 | |a 968-16-1081-4 | ||
| 040 | |c Pontificia Universidad Católica de Valparaíso | ||
| 082 | 0 | 4 | |a 323.401 CAR 1942 |2 21 |
| 100 | 0 | |a Carlyle, A. J |e autor |9 318203 | |
| 245 | 1 | 3 | |a La libertad política. |b Historia de su concepto en la Edad Media y los tiempos modernos. |
| 250 | |a Primera edición en español. | ||
| 260 | |a México, D.F., México: |b Fondo de Cultura Económica, |c 1942. | ||
| 300 | |a 294 páginas. | ||
| 500 | |a c.3 Donación Familia Prof. Alejandro Guzmán Brito. | ||
| 583 | |a last modification |c 19910423 00:00:00 |k Rodrigo Vera | ||
| 650 | 0 | |a Edad media |9 258041 | |
| 650 | 0 | |a Historia medieval |9 258042 | |
| 650 | 0 | |a Aspectos políticos |9 257400 | |
| 700 | |a Herrero, Vicente |e versión en español |9 865772 | ||
| 942 | |c BK |2 ddc |n 0 | ||
| 945 | |d 19910423 00:00:00 | ||
| 952 | |0 0 |1 0 |4 0 |6 323_401000000000000_CAR_1942 |7 0 |8 A |9 219084 |a BIBHIS |b BIBHIS |d 2019-11-15 |i 2878607 |o 323.401 CAR 1942 |p 2878607 |r 2025-01-20 |w 2019-11-15 |y BK |k HIS | ||
| 952 | |0 0 |1 0 |4 0 |6 323_401000000000000_CAR_1942 |7 0 |8 DER_TF |9 219085 |a BIBDER |b BIBDER |d 2019-11-15 |i 1880519 |l 1 |o 323.401 CAR 1942 |p 1880519 |r 2023-01-25 |s 2020-03-18 |w 2019-11-15 |x Ubicación 4to Piso |y BK |z Estos recursos deben solicitarse con anticipación |k DER | ||
| 952 | |0 0 |1 0 |2 ddc |4 0 |6 323_401000000000000_CAR_1942 |7 1 |8 C_AGB |9 580519 |a BIBDER |b BIBDER |d 2022-01-13 |e Donación |i 5638372 |o 323.401 CAR 1942 |p 5638372 |r 2023-01-25 |t 3 |w 2022-01-13 |y BK_US |k AGB | ||